Type the Seven Continents Backwards - Statistics

General Stats
  • This quiz has been taken 18 times
  • The average score is 5 of 7
Answer Stats
Answer % Correct
Eporue
94%
Aisa
88%
Acirfa
76%
Ailartsua
76%
Acirema Htuos
65%
Acirema Htron
59%
Acitcratna
59%
No matching quizzes found
Score Distribution
Percent of People with Each Score
Percentile by Number Answered
Your Score History
You have not taken this quiz